Sarpy County, Nebraska Municipalities (Map) (2023) - Statistics

General Stats
  • This quiz has been taken 7 times
    3 since last reset
  • The average score is 6 of 15
Answers on the Map
Answers color-coded by a green-red scale on the quiz's map according to % correct below.
 
Answer Stats
Answer % Correct
Bellevue
100%
Bellevue
100%
Papillion
100%
Gretna
67%
La Vista
67%
Springfield
67%
Springfield
67%
Chalco
33%
La Platte
33%
Gillmore
0%
Meadow
0%
Melia
0%
Portal
0%
Richfield
0%
St Columbans
0%
No matching quizzes found
Score Distribution
Percent of People with Each Score
Percentile by Number Answered
Your Score History
You have not taken this quiz since the last reset